书目信息 |
| 题名: |
数字图像处理
|
|
| 作者: | 胡学龙 编著 | |
| 分册: | ||
| 出版信息: | 北京 电子工业出版社 2014 |
|
| 页数: | 255页 | |
| 开本: | 26cm | |
| 丛书名: | ||
| 单 册: | ||
| 中图分类: | TN911.73 | |
| 科图分类: | ||
| 主题词: | 数字图象处理--教材--高等学校 | |
| 电子资源: | ||
| ISBN: | 978-7-121-23887-1 | |
| 000 | 01067nam0 2200241 450 | |
| 001 | 3337 | |
| 005 | 20160926084742.00 | |
| 010 | @a978-7-121-23887-1@b平装@dCNY35.00 | |
| 100 | @a20140929d2014 em y0chiy50 ea | |
| 101 | 0 | @achi |
| 102 | @aCN@b110000 | |
| 105 | @aa z 000yy | |
| 200 | 1 | @a数字图像处理@9shu zi tu xiang chu li@f胡学龙编著 |
| 205 | @a3版 | |
| 210 | @a北京@c电子工业出版社@d2014 | |
| 215 | @a255页@c图@d26cm | |
| 300 | @a普通高等教育“十一五”国家级规划教材 “十二五”江苏省高等学校重点教材 江苏省精品教材 电子信息科学与工程类专业规划教材 | |
| 330 | @a本书共11章,主要内容:数字图像的发展简史、基本图像处理系统、图像数字化与显示、图像变换与二维数字滤波、图像编码与压缩、图像增强、图像复原、图像分割、数学形态学图像处理、彩色图像处理、图像的数字水印、图像分析系统、图像数据库与基于内容的检索、图像存档与通信系统、图像融合、图像处理软件的开发等。 | |
| 606 | 0 | @a数字图象处理@j教材@x高等学校 |
| 690 | @aTN911.73@v5 | |
| 701 | 0 | @a胡学龙@9hu xue long@f(1960~)@4编著 |
| 801 | 0 | @aCN@b唐山师范学院图书馆@c20151001 |
| 905 | @aZUCC@dTN911.73@e155=3 | |
| 数字图像处理/胡学龙编著.-3版.-北京:电子工业出版社,2014 |
| 255页:图;26cm |
| 普通高等教育“十一五”国家级规划教材 “十二五”江苏省高等学校重点教材 江苏省精品教材 电子信息科学与工程类专业规划教材 |
| ISBN 978-7-121-23887-1(平装):CNY35.00 |
| 本书共11章,主要内容:数字图像的发展简史、基本图像处理系统、图像数字化与显示、图像变换与二维数字滤波、图像编码与压缩、图像增强、图像复原、图像分割、数学形态学图像处理、彩色图像处理、图像的数字水印、图像分析系统、图像数据库与基于内容的检索、图像存档与通信系统、图像融合、图像处理软件的开发等。 |
| ● |
| 相关链接 |
|
|
|
|
正题名:数字图像处理
索取号:TN911.73/155=3
 
预约/预借
| 序号 | 登录号 | 条形码 | 馆藏地/架位号 | 状态 | 备注 |
| 1 | 904382 | 209043827 | 第二样本阅览室/ [索取号:TN911.73/155=3] | 在馆 | |
| 2 | 904383 | 209043836 | 第三借阅区/ [索取号:TN911.73/155=3] | 在馆 | |
| 3 | 904384 | 209043845 | 第三借阅区/ [索取号:TN911.73/155=3] | 在馆 | |
| 4 | 904385 | 209043854 | 第三借阅区/ [索取号:TN911.73/155=3] | 在馆 | |
| 5 | 904386 | 209043863 | 第三借阅区/ [索取号:TN911.73/155=3] | 在馆 |